|
|
|
|
| LEADER |
01268nam a2200289 a 4500 |
| 001 |
16430847 |
| 008 |
130312s2011 dcua b 001 0 eng d |
| 010 |
|
|
|a 2010032302
|
| 020 |
|
|
|a 9780821385050
|
| 020 |
|
|
|a 9780821385562 (electronic)
|
| 040 |
|
|
|a DLC
|c DLC
|d DLC
|d BD-DhAAL
|
| 082 |
0 |
0 |
|a 320.01
|2 22
|
| 245 |
0 |
0 |
|a Accountability through public opinion :
|b from inertia to public action /
|c Sina Odugbemi and Taeku Lee, editors.
|
| 260 |
|
|
|a Washington, D.C. :
|b The World Bank,
|c 2011.
|
| 300 |
|
|
|a xxv, 507 p. :
|b ill. ;
|c 26 cm.
|
| 504 |
|
|
|a Includes bibliographical references and index.
|
| 541 |
1 |
|
|e 00026574
|
| 650 |
|
0 |
|a Government accountability.
|
| 650 |
|
0 |
|a Public services
|x Public opinion.
|
| 650 |
|
0 |
|a Organizational effectiveness.
|
| 650 |
|
0 |
|a Performance
|x Management.
|
| 700 |
1 |
|
|a Odugbemi, Sina.
|
| 700 |
1 |
|
|a Lee, Taeku.
|
| 852 |
1 |
|
|a Ayesha Abed Library
|j General Shelf.
|
| 999 |
|
|
|c 13231
|d 13231
|
| 952 |
|
|
|0 0
|1 0
|2 ddc
|4 0
|6 320_010000000000000_ACC
|7 0
|9 22022
|a IGS
|b IGS
|c GEN
|d 2013-03-12
|e Karim International
|g 3838.00
|l 0
|o 320.01 ACC
|p 3010026574
|r 2013-03-12
|t 1
|w 2013-03-12
|y BK
|
| 952 |
|
|
|0 0
|1 0
|2 ddc
|4 0
|6 320_010000000000000_ACC
|7 0
|9 22023
|a IGS
|b IGS
|c GEN
|d 2013-03-12
|e Karim International
|g 3838.00
|l 0
|o 320.01 ACC
|p 3010026575
|r 2013-03-12
|t 2
|w 2013-03-12
|y BK
|